Welcome to the Holygrace Academy Library

Please use search bar below to get started

TIME MANAGEMENT -MAKE EVERY SECOND COUNT (Record no. 8251)

MARC details
000 -LEADER
fixed length control field 00366nam a22001337a 4500
082 ## - DEWEY DECIMAL CLASSIFICATION NUMBER
Classification number 158
Item number BLY/T
100 ## - MAIN ENTRY--AUTHOR NAME
Personal name BLY,ROBERT.W
245 ## - TITLE STATEMENT
Title TIME MANAGEMENT -MAKE EVERY SECOND COUNT
246 ## - VARYING FORM OF TITLE
Title proper/short title TIME MANAGEMENT -MAKE EVERY SECOND COUNT
Remainder of title TIME MANAGEMENT -MAKE EVERY SECOND COUNT
260 ## - PUBLICATION, DISTRIBUTION, ETC. (IMPRINT)
Place of publication MUMBAI
Name of publisher JAICO
300 ## - PHYSICAL DESCRIPTION
Number of Pages 168
520 ## - SUMMARY, ETC.
Summary, etc TIME MANAGEMENT
942 ## - ADDED ENTRY ELEMENTS (KOHA)
Koha item type Books
Holdings
Withdrawn status Lost status Collection code Home library Current library Shelving location Date acquired Source of acquisition Full call number Accession Number Koha item type
    Non-fiction Main Library Main Library SHELF-17G-PERSONALITY DEVELOPMENT BOOKS 14/05/2009 PURCHASED 158 BLY/T 04518 Books